000
00327nam a2200133Ia 4500
008
220204s9999 xx 000 0 und d
082
_a
546
_b
EME
100
_a
Anderson, J S
245
0
_a
Modern aspects of inorganic chemistry
260
_a
London
_b
ELBS
_c
1962
650
_a
Inorganic chemistry
700
_a
H J
942
_c
BK
999
_c
19691
_d
19691